| 000 | 00792nam a22001937a 4500 | ||
|---|---|---|---|
| 999 |
_c60877 _d60877 |
||
| 005 | 20231113171131.0 | ||
| 008 | 231113s1959 ru ||||| |||| 00| 0 rus d | ||
| 041 | _arus | ||
| 080 | _a821 A-78 | ||
| 100 |
_aАпулей _920364 |
||
| 245 |
_aАпология, или Речь в защиту самого себя от обвинения в магии : _bМетаморфозы в XI книгах; Флориды / _cАпулей. |
||
| 264 |
_aМ.: _bИзд-во Академии наук, _c1959. |
||
| 300 |
_a384 стр. _bил. _c22 см. |
||
| 440 |
_aЛитературные памятники _920365 |
||
| 653 | _aფილოსოფია | ||
| 653 | _aრიტორიკა | ||
| 653 | _aრომაელი მწერლები | ||
| 942 |
_2udc _cᲬᲘᲒᲜᲘ |
||